000 00779nam a2200265Ii 4500
003 JO-AjNU
005 20240602102401.0
008 230606s9999||||xx |||||||||||||| ||und||
020 _a978-1-4051-1110-2
040 _aJO-AjNU
_beng
_erda
_cJO-AjNU
041 _aeng
050 1 4 _aHD9715.A2.F59 2009
100 3 _aFryer , Barry ,
_eauthor
_94985
245 0 4 _aThe practice of construcation management
250 _a4 ed
264 3 1 _aAustralia :Blackwell , 2009
300 _a350p
336 _atext
_btxt
_2rdacontent
337 _aunmediated
_bn
_2rdamedia
338 _avolume
_bnc
_2rdacarrier
650 4 _aThe practice of construcation management
_94986
700 1 _aEllis, Robert
_965437
_eauthor
700 1 _aGorse, Christopher
_965438
_eauthor
942 _2lcc
_cBK
999 _c2576
_d2576